<?xml version="1.0" encoding="UTF-8"?>
<collection xmlns="http://www.loc.gov/MARC21/slim">
 <record>
  <leader>02569nam a2200409 a 4500</leader>
  <controlfield tag="001">4959223</controlfield>
  <controlfield tag="003">BD-DhAAL</controlfield>
  <controlfield tag="005">20250129122352.0</controlfield>
  <controlfield tag="008">091109s1996    bg a     b    011 0 eng d</controlfield>
  <datafield tag="010" ind1=" " ind2=" ">
   <subfield code="a">\\\96905452 </subfield>
  </datafield>
  <datafield tag="020" ind1=" " ind2=" ">
   <subfield code="a">9840513516</subfield>
  </datafield>
  <datafield tag="040" ind1=" " ind2=" ">
   <subfield code="a">DLC</subfield>
   <subfield code="c">DLC</subfield>
   <subfield code="d">BD-DhAAL</subfield>
  </datafield>
  <datafield tag="082" ind1="0" ind2="0">
   <subfield code="a">338.9549/2</subfield>
   <subfield code="2">21</subfield>
  </datafield>
  <datafield tag="245" ind1="0" ind2="0">
   <subfield code="a">State market and development :</subfield>
   <subfield code="b">essays in honor of Rehman Sobhan /</subfield>
   <subfield code="c">editors, Abu Abdullah, Azizur Rahman Khan.</subfield>
  </datafield>
  <datafield tag="260" ind1=" " ind2=" ">
   <subfield code="a">Dhaka :</subfield>
   <subfield code="b">The  University Press,</subfield>
   <subfield code="c">1996.</subfield>
  </datafield>
  <datafield tag="300" ind1=" " ind2=" ">
   <subfield code="a">xx, 457 pages :</subfield>
   <subfield code="b">illustrations ;</subfield>
   <subfield code="c">22 cm.</subfield>
  </datafield>
  <datafield tag="500" ind1=" " ind2=" ">
   <subfield code="a">Contributed articles.</subfield>
  </datafield>
  <datafield tag="504" ind1=" " ind2=" ">
   <subfield code="a">Includes bibliographical references (p. 443-444) and index.</subfield>
  </datafield>
  <datafield tag="526" ind1=" " ind2=" ">
   <subfield code="x">Syed M. Hashemi
Director, BDI.
Course name and no. N/A
</subfield>
  </datafield>
  <datafield tag="541" ind1="1" ind2=" ">
   <subfield code="a">The university press</subfield>
   <subfield code="e">00016460</subfield>
  </datafield>
  <datafield tag="650" ind1=" " ind2="0">
   <subfield code="a">Agricultural innovations</subfield>
   <subfield code="z">Bangladesh.</subfield>
  </datafield>
  <datafield tag="651" ind1=" " ind2="0">
   <subfield code="a">Bangladesh</subfield>
   <subfield code="x">Economic policy.</subfield>
  </datafield>
  <datafield tag="651" ind1=" " ind2="0">
   <subfield code="a">Bangladesh</subfield>
   <subfield code="x">Economic conditions.</subfield>
  </datafield>
  <datafield tag="700" ind1="1" ind2=" ">
   <subfield code="a">Sobhan, Rehman.</subfield>
  </datafield>
  <datafield tag="700" ind1="1" ind2=" ">
   <subfield code="a">Abdullah, Abu.</subfield>
   <subfield code="9">54564</subfield>
  </datafield>
  <datafield tag="700" ind1="1" ind2=" ">
   <subfield code="a">Khan, Azizur Rahman.</subfield>
   <subfield code="9">19647</subfield>
  </datafield>
  <datafield tag="852" ind1="4" ind2=" ">
   <subfield code="a">Ayesha Abed Library</subfield>
   <subfield code="j">General shelf</subfield>
  </datafield>
  <datafield tag="942" ind1=" " ind2=" ">
   <subfield code="2">ddc</subfield>
   <subfield code="c">BK</subfield>
  </datafield>
  <datafield tag="999" ind1=" " ind2=" ">
   <subfield code="c">5313</subfield>
   <subfield code="d">5313</subfield>
  </datafield>
  <datafield tag="952" ind1=" " ind2=" ">
   <subfield code="0">0</subfield>
   <subfield code="1">0</subfield>
   <subfield code="2">ddc</subfield>
   <subfield code="4">0</subfield>
   <subfield code="6">338_954920000000000_STA_1996</subfield>
   <subfield code="7">0</subfield>
   <subfield code="9">5164</subfield>
   <subfield code="a">BRACUL</subfield>
   <subfield code="b">BRACUL</subfield>
   <subfield code="c">GEN</subfield>
   <subfield code="d">2009-11-09</subfield>
   <subfield code="g">328.00</subfield>
   <subfield code="l">0</subfield>
   <subfield code="o">338.95492 STA</subfield>
   <subfield code="p">3010016460</subfield>
   <subfield code="r">2009-11-09</subfield>
   <subfield code="t">1</subfield>
   <subfield code="v">656.00</subfield>
   <subfield code="w">2009-11-09</subfield>
   <subfield code="y">BK</subfield>
  </datafield>
  <datafield tag="952" ind1=" " ind2=" ">
   <subfield code="0">0</subfield>
   <subfield code="1">0</subfield>
   <subfield code="2">ddc</subfield>
   <subfield code="4">0</subfield>
   <subfield code="6">338_954920000000000_STA_1996</subfield>
   <subfield code="7">0</subfield>
   <subfield code="9">5173</subfield>
   <subfield code="a">BRACUL</subfield>
   <subfield code="b">BRACUL</subfield>
   <subfield code="c">GEN</subfield>
   <subfield code="d">2009-11-09</subfield>
   <subfield code="g">450.00</subfield>
   <subfield code="l">0</subfield>
   <subfield code="o">338.95492 STA</subfield>
   <subfield code="p">3010005622</subfield>
   <subfield code="r">2009-11-09</subfield>
   <subfield code="t">2</subfield>
   <subfield code="v">900.00</subfield>
   <subfield code="w">2009-11-09</subfield>
   <subfield code="y">BK</subfield>
  </datafield>
  <datafield tag="952" ind1=" " ind2=" ">
   <subfield code="0">0</subfield>
   <subfield code="1">0</subfield>
   <subfield code="2">ddc</subfield>
   <subfield code="4">0</subfield>
   <subfield code="6">338_954920000000000_STA</subfield>
   <subfield code="7">0</subfield>
   <subfield code="9">20842</subfield>
   <subfield code="a">IGS</subfield>
   <subfield code="b">IGS</subfield>
   <subfield code="c">GEN</subfield>
   <subfield code="d">2012-07-31</subfield>
   <subfield code="e">The University Press</subfield>
   <subfield code="g">295.00</subfield>
   <subfield code="l">1</subfield>
   <subfield code="m">2</subfield>
   <subfield code="o">338.95492 STA</subfield>
   <subfield code="p">3010025734</subfield>
   <subfield code="r">2014-06-09</subfield>
   <subfield code="s">2013-02-18</subfield>
   <subfield code="t">3</subfield>
   <subfield code="w">2012-07-31</subfield>
   <subfield code="y">BK</subfield>
  </datafield>
  <datafield tag="952" ind1=" " ind2=" ">
   <subfield code="0">0</subfield>
   <subfield code="1">0</subfield>
   <subfield code="2">ddc</subfield>
   <subfield code="4">0</subfield>
   <subfield code="6">338_954900000000000_2_STA</subfield>
   <subfield code="7">0</subfield>
   <subfield code="9">42981</subfield>
   <subfield code="a">SCL</subfield>
   <subfield code="b">SCL</subfield>
   <subfield code="c">GEN</subfield>
   <subfield code="d">2005-03-22</subfield>
   <subfield code="g">450.00</subfield>
   <subfield code="l">0</subfield>
   <subfield code="o">338.95492 STA</subfield>
   <subfield code="p">3020005288</subfield>
   <subfield code="r">2014-07-07</subfield>
   <subfield code="t">4</subfield>
   <subfield code="w">2014-07-07</subfield>
   <subfield code="y">BK</subfield>
  </datafield>
  <datafield tag="952" ind1=" " ind2=" ">
   <subfield code="0">0</subfield>
   <subfield code="1">0</subfield>
   <subfield code="2">ddc</subfield>
   <subfield code="4">0</subfield>
   <subfield code="6">338_954900000000000_2_STA</subfield>
   <subfield code="7">0</subfield>
   <subfield code="9">43016</subfield>
   <subfield code="a">SCL</subfield>
   <subfield code="b">SCL</subfield>
   <subfield code="c">GEN</subfield>
   <subfield code="d">1998-11-11</subfield>
   <subfield code="g">450.00</subfield>
   <subfield code="l">0</subfield>
   <subfield code="o">338.95492 STA</subfield>
   <subfield code="p">3020000488</subfield>
   <subfield code="r">2014-07-08</subfield>
   <subfield code="t">5</subfield>
   <subfield code="w">2014-07-08</subfield>
   <subfield code="y">BK</subfield>
  </datafield>
  <datafield tag="952" ind1=" " ind2=" ">
   <subfield code="0">0</subfield>
   <subfield code="1">0</subfield>
   <subfield code="2">ddc</subfield>
   <subfield code="4">0</subfield>
   <subfield code="6">338_954920000000000_STA</subfield>
   <subfield code="7">0</subfield>
   <subfield code="9">43682</subfield>
   <subfield code="a">IGS</subfield>
   <subfield code="b">IGS</subfield>
   <subfield code="c">GEN</subfield>
   <subfield code="d">2014-09-07</subfield>
   <subfield code="l">0</subfield>
   <subfield code="o">338.95492 STA</subfield>
   <subfield code="p">3010016788</subfield>
   <subfield code="r">2014-09-07</subfield>
   <subfield code="t">6</subfield>
   <subfield code="w">2014-09-07</subfield>
   <subfield code="y">BK</subfield>
  </datafield>
  <datafield tag="952" ind1=" " ind2=" ">
   <subfield code="0">0</subfield>
   <subfield code="1">0</subfield>
   <subfield code="2">ddc</subfield>
   <subfield code="4">0</subfield>
   <subfield code="6">338_954920000000000_STA</subfield>
   <subfield code="7">0</subfield>
   <subfield code="9">54228</subfield>
   <subfield code="a">SCL</subfield>
   <subfield code="b">SCL</subfield>
   <subfield code="c">GEN</subfield>
   <subfield code="d">2015-06-10</subfield>
   <subfield code="l">0</subfield>
   <subfield code="o">338.95492 STA</subfield>
   <subfield code="p">3020005593</subfield>
   <subfield code="r">2015-06-10</subfield>
   <subfield code="t">7</subfield>
   <subfield code="w">2015-06-10</subfield>
   <subfield code="y">BK</subfield>
  </datafield>
  <datafield tag="952" ind1=" " ind2=" ">
   <subfield code="0">0</subfield>
   <subfield code="1">0</subfield>
   <subfield code="2">ddc</subfield>
   <subfield code="4">0</subfield>
   <subfield code="6">338_954920000000000_STA</subfield>
   <subfield code="7">0</subfield>
   <subfield code="9">73762</subfield>
   <subfield code="a">BIGD</subfield>
   <subfield code="b">BIGD</subfield>
   <subfield code="c">GEN</subfield>
   <subfield code="d">2023-06-11</subfield>
   <subfield code="e">University press </subfield>
   <subfield code="g">450.00</subfield>
   <subfield code="l">0</subfield>
   <subfield code="o">338.95492 STA</subfield>
   <subfield code="p">3050018239</subfield>
   <subfield code="r">2023-06-11</subfield>
   <subfield code="t">8</subfield>
   <subfield code="w">2023-06-11</subfield>
   <subfield code="y">BK</subfield>
   <subfield code="x">Transfer from BDI to BIGD. Requisitioned by Syed M. Hashemi Director, BDI. Course name and no. N/A</subfield>
  </datafield>
 </record>
</collection>
